MARC details
| 000 -CABECERA |
| campo de control de longitud fija |
01137nam a2200205 a 4500 |
| 003 - IDENTIFICADOR DEL NÚMERO DE CONTROL |
| campo de control |
DO-SdBNP |
| 005 - FECHA Y HORA DE LA ÚLTIMA TRANSACCIÓN |
| campo de control |
20260205110706.0 |
| 007 - CAMPO FIJO DE DESCRIPCIÓN FÍSICA--INFORMACIÓN GENERAL |
| campo de control de longitud fija |
ta |
| 008 - DATOS DE LONGITUD FIJA--INFORMACIÓN GENERAL |
| campo de control de longitud fija |
220831e |||ao||gr|||| 001 0 spa d |
| 040 ## - FUENTE DE LA CATALOGACIÓN |
| Centro catalogador/agencia de origen |
DO-SdBNP |
| Lengua de catalogación |
spa |
| Centro/agencia transcriptor |
BNPHU |
| 082 ## - NÚMERO DE LA CLASIFICACIÓN DECIMAL DEWEY |
| Número de documento/Ítem |
I43g |
| 110 2# - ENTRADA PRINCIPAL--NOMBRE DE ENTIDAD CORPORATIVA |
| 9 (RLIN) |
6892 |
| Nombre de entidad corporativa o nombre de jurisdicción como elemento de entrada |
Banco Popular Dominicano |
| 245 10 - MENCIÓN DE TÍTULO |
| Título |
Informe gestión anual 2018: |
| Medio |
razones para creer, razones para querer. |
| 260 ## - PUBLICACIÓN, DISTRIBUCIÓN, ETC. |
| Lugar de publicación, distribución, etc. |
Santo Domingo : |
| Nombre del editor, distribuidor, etc. |
Banco Popular Dominicano, |
| Fecha de publicación, distribución, etc. |
[2018] |
| 300 ## - DESCRIPCIÓN FÍSICA |
| Extensión |
235 p. : |
| Otras características físicas |
il., fotogr. ; |
| Dimensiones |
29 cm. |
| 505 ## - NOTA DE CONTENIDO CON FORMATO |
| Título |
Indicadores financieros.-- |
| -- |
Carta del Presidente.-- |
| -- |
Informe del Consejo de Administración.-- |
| -- |
55 años, 55 razones.-- |
| -- |
Razones para innovar.-- |
| -- |
Razones para crecer.-- |
| -- |
Razones para avanzar.-- |
| -- |
Razones para seguir mejorando.-- |
| -- |
Historias llenas de razones.-- |
| -- |
Informe de la gestión integral de riesgos 2018.-- |
| -- |
Estados financieros sobre base regulada.-- |
| -- |
Perfiles miembros del Consejo Administración.-- |
| -- |
Comités del Consejo de Administración.-- |
| -- |
Principales ejecutivos.-- |
| -- |
Directorio de oficinas. |
| 590 ## - NOTA LOCAL (RLIN) |
| Nota local |
Inventariado 2022 / MF |
| 650 #0 - PUNTO DE ACCESO ADICIONAL DE MATERIA--TÉRMINO DE MATERIA |
| Término de materia o nombre geográfico como elemento de entrada |
Informes técnicos |
| Subdivisión general |
Redacción |
| Subdivisión de forma |
Informes Técnicos |
| 9 (RLIN) |
7867 |
| 942 ## - ELEMENTOS DE PUNTO DE ACCESO ADICIONAL (KOHA) |
| Fuente del sistema de clasificación o colocación |
Dewey Decimal Classification |
| Tipo de ítem Koha |
Libro |